| 000 | 00518nam a2200169 i 4500 | ||
|---|---|---|---|
| 001 | 89695 | ||
| 003 | ES-MaACL | ||
| 005 | 20230906180241.0 | ||
| 007 | t| | ||
| 008 | 050112s1954 xxk ||||1| eng d | ||
| 100 | 1 |
_aLawden, Derek F. _970736 |
|
| 245 | 1 | 0 |
_aMathematics of engineering systems _b: (Linear and Non-Linear) / _cby Derek F. Lawden. |
| 250 | _a[1st ed.]. | ||
| 260 |
_aLondon : _bMethuen, _c[1954] ( _fThe Pitman Press) |
||
| 300 |
_aVIII, 380 p. : _bil. ; _c22 cm. |
||
| 852 |
_aES-MaACL _jC-10981 _bR.39104 |
||
| 999 |
_c89695 _d89695 |
||